000 00525nam a2200217Ia 4500
003 OSt
005 20220924134338.0
006 a|||||r|||| 00| 0
007 ta
008 220923b |||||||| |||| 00| 0 snd d
024 _a273620
037 _cTextual
040 _aARTS
_cARTS
_bsnd
041 _2snd
_asnd
082 _aQ2, 1593H5
100 _aSavitri Devi
_9208392
245 0 _aHindu Quam ki chita
260 _c1945
942 _hQ2, 1593H5
_cTEXL
_2CC
999 _c437124
_d437124